000 00561nam a2200229Ia 4500
003 OSt
005 20221005131151.0
006 a|||||r|||| 00| 0
007 ta
008 221004b |||||||| |||| 00| 0 kan d
024 _a60431
037 _cTextual
040 _aCRL
_cCRL
_bkan
041 _2kan
_akan
082 _aO33,3N12,2, J5
100 _aInamadar V M Au.
_9639185
245 0 _aShapa
260 _c1955
650 _aKANNAD FICTION
942 _hO33,3N12,2, J5
_cTEXL
_2cc
999 _c1059521
_d1059521